Superheroes Unmasked! Quiz Stats

 Plays Quiz Updated May 12, 2012

Challenge
Share
Tweet
Embed
Score 0/25 Timer 04:00
5 Plays Today
% Correct
Peter Parker
95.8%
Clark Kent
94.3%
Bruce Wayne
93.1%
Tony Stark
91.3%
Bruce Banner
88.1%
Charles Xavier
86.9%
Harvey Dent
82.5%
Selina Kyle
81%
Diana Prince
80.2%
James 'Logan' Howlett
79.7%
Steve Rogers
69.2%
Dick Grayson
67.4%
Erik Lehnsherr
67%
% Correct
Jean Grey
66.5%
Edward Nigma
63.8%
Johnny Blaze
61.3%
Hank McCoy
60.9%
Bob Parr
58.8%
Hal Jordan
58.8%
Bobby Drake
52.8%
Remy Etienne LeBeau
52.1%
Barry Allen
46.7%
Oliver Queen
40.6%
Arthur Curry
39.3%
Lance Hunt
32.2%

You're not logged in!

Compare scores with friends on all Sporcle quizzes.
Join for Free
OR
Log In

You Might Also Like...

Show Comments

Extras

Top Quizzes Today


Score Distribution

Your Account Isn't Verified!

In order to create a playlist on Sporcle, you need to verify the email address you used during registration. Go to your Sporcle Settings to finish the process.

Report this User

Report this user for behavior that violates our Community Guidelines.

Details: